حكومة دولة السيد عبد الكريم الكباريتي : التكليف والثقة : (رقم التسجيلة. 8291)

تفاصيل مارك
000 -LEADER
fixed length control field 00756nam a22002057a 4500
005 - DATE AND TIME OF LATEST TRANSACTION
control field 20251108164300.0
008 - FIXED-LENGTH DATA ELEMENTS--GENERAL INFORMATION
fixed length control field 250721s1996 xx 000 0 ara d
082 14 - DEWEY DECIMAL CLASSIFICATION NUMBER
Classification number 354.565/حكو
245 10 - TITLE STATEMENT
Title حكومة دولة السيد عبد الكريم الكباريتي : التكليف والثقة :
Remainder of title التكليف و الثقة 1996 /
264 1# - PRODUCTION, PUBLICATION, DISTRIBUTION, MANUFACTURE, AND COPYRIGHT NOTICE
Place of production, publication, distribution, manufacture عمان :
Name of producer, publisher, distributor, manufacturer وزارة الإعلام- دائرة المطبوعات ةالنشر،
Date of production, publication, distribution, manufacture, or copyright notice 1996.
300 ## - PHYSICAL DESCRIPTION
Extent 282ص.
490 0# - SERIES STATEMENT
Series statement وثائق أردنية
650 17 - SUBJECT ADDED ENTRY--TOPICAL TERM
Topical term or geographic name as entry element الوزارات
650 17 - SUBJECT ADDED ENTRY--TOPICAL TERM
Topical term or geographic name as entry element الأردن
650 17 - SUBJECT ADDED ENTRY--TOPICAL TERM
Topical term or geographic name as entry element تاريخ الأردن
650 17 - SUBJECT ADDED ENTRY--TOPICAL TERM
Topical term or geographic name as entry element التاريخ السياسي
710 2# - ADDED ENTRY--CORPORATE NAME
Corporate name or jurisdiction name as entry element الأردن . وزارة الإعلام
Relator term إعداد
942 ## - ADDED ENTRY ELEMENTS (KOHA)
Source of classification or shelving scheme Dewey Decimal Classification
Koha item type كتب
المقتنيات
حالة السحب حالة الفقدان مصدر التصنيف حالة التلف غير قابل للإعارة المكتبة الرئيسية المكتبة الحالية موقع الرف تاريخ التزويد الرقم المتسلسل Total Checkouts رقم الإستدعاء تاريخ آخر ظهور تاريخ الفاتورة نوع المادة (كوها) الباركود
    Dewey Decimal Classification Unchecked   مكتبة أم قصير والمقابلين العامة مكتبة أم قصير والمقابلين العامة الإعارة 06/07/2004 5545   354.565/حكو 28/07/2025 06/07/2004 كتب  
    Dewey Decimal Classification     مكتبة الأميرة ايمان العامة مكتبة الأميرة ايمان العامة الإعارة 11/11/2013 [11399]   354.565/حكو 28/07/2025 11/11/2013 كتب PLD00285584
    Dewey Decimal Classification Unchecked   مكتبة الاميرة بديعة مكتبة الاميرة بديعة الإعارة 06/07/2004 7136   354.565/حكو 28/07/2025 06/07/2004 كتب  
    Dewey Decimal Classification     مكتبة البراعم الواعدة مكتبة البراعم الواعدة الإعارة 22/06/2015 1474024   354.565/حكو 28/07/2025 22/06/2015 كتب PLD00333204
    Dewey Decimal Classification Unchecked   مكتبة الجويدة مكتبة الجويدة الإعارة 06/07/2004 7023   354.565/حكو 28/07/2025 06/07/2004 كتب  
    Dewey Decimal Classification     مكتبة الحسن العامة مكتبة الحسن العامة الإعارة 23/09/2018 11724   354.565/حكو 28/07/2025 23/09/2018 كتب PLD00432829
    Dewey Decimal Classification   Not For Loan مكتبة تاريخ الأردن مكتبة تاريخ الأردن لا يعار 03/11/2009 1328929   354.565/حكو 28/07/2025 03/11/2009 كتب PLD00116815
    Dewey Decimal Classification   Not For Loan مكتبة تاريخ الأردن مكتبة تاريخ الأردن لا يعار 03/11/2009 1328961   354.565/حكو 28/07/2025 03/11/2009 كتب PLD00116881
    Dewey Decimal Classification   Not For Loan مكتبة تاريخ الأردن مكتبة تاريخ الأردن لا يعار 08/12/2010 1453395   354.565/حكو 28/07/2025 08/12/2010 كتب PLD00172150
    Dewey Decimal Classification   Not For Loan مكتبة تاريخ الأردن مكتبة تاريخ الأردن لا يعار 08/12/2010 1453396   354.565/حكو 28/07/2025 08/12/2010 كتب PLD00172144
    Dewey Decimal Classification   Not For Loan مكتبة تاريخ الأردن مكتبة تاريخ الأردن لا يعار 12/10/2016 1605429   354.565/حكو 28/07/2025 12/10/2016 كتب PLD00396531
    Dewey Decimal Classification     مكتبة حمزة العامة مكتبة حمزة العامة الإعارة 12/10/2015 [6719]....   354.565/حكو 28/07/2025 12/10/2015 كتب PLD00355055
    Dewey Decimal Classification Unchecked   مكتبة صويلح العامة مكتبة صويلح العامة الإعارة 06/07/2004 14350   354.565/حكو 28/07/2025 06/07/2004 كتب  
    Dewey Decimal Classification     مكتبة وادي السير العامة مكتبة وادي السير العامة الإعارة 13/03/2016 [8010]...   354.565/حكو 28/07/2025 13/03/2016 كتب PLD00379444
Implemented & Customized by: BBB with SCIT (Smart Chains for Information Technology)

Powered by Koha